No priest shortage in the Archdiocese of Detroit (AOD)
| Main Author: | |
|---|---|
| Format: | Print Statistics |
| Language: | English |
| Check availability: | HBZ Gateway |
| Interlibrary Loan: | Interlibrary Loan for the Fachinformationsdienste (Specialized Information Services in Germany) |
| Published: |
2011
|
| In: |
Review of religious research
Year: 2011, Volume: 53, Issue: 1, Pages: 105-106 |
| Standardized Subjects / Keyword chains: | B
Holy See (motif), Erzdiözese Detroit, Mich.
/ Priest
|
| RelBib Classification: | KBQ North America KDB Roman Catholic Church RB Church office; congregation |
| Further subjects: | B
Statistics
|
| Parallel Edition: | Electronic
|
MARC
| LEADER | 00000caa a22000002c 4500 | ||
|---|---|---|---|
| 001 | 1646207106 | ||
| 003 | DE-627 | ||
| 005 | 20220616124013.0 | ||
| 007 | tu | ||
| 008 | 160405s2011 xx ||||| s 00| ||eng c | ||
| 035 | |a (DE-627)1646207106 | ||
| 035 | |a (DE-576)466945841 | ||
| 035 | |a (DE-599)BSZ466945841 | ||
| 040 | |a DE-627 |b ger |c DE-627 |e rakwb | ||
| 041 | |a eng | ||
| 084 | |a 0 |2 ssgn | ||
| 100 | 1 | |0 (DE-588)1034001256 |0 (DE-627)743898478 |0 (DE-576)273682237 |4 aut |a Mccallion, Michael J. |d 1955- | |
| 109 | |a Mccallion, Michael J. 1955- |a MacCallion, Michael J. 1955- |a McCallion, M. J. 1955- | ||
| 245 | 1 | 0 | |a No priest shortage in the Archdiocese of Detroit (AOD) |c Michael J. McCallion |
| 264 | 1 | |c 2011 | |
| 336 | |a Text |b txt |2 rdacontent | ||
| 337 | |a ohne Hilfsmittel zu benutzen |b n |2 rdamedia | ||
| 338 | |a Band |b nc |2 rdacarrier | ||
| 601 | |a Archdiocese | ||
| 652 | |a KBQ:KDB:RB | ||
| 655 | 7 | |a Statistik |0 (DE-588)4056995-0 |0 (DE-627)106152955 |0 (DE-576)209119799 |2 gnd-content | |
| 689 | 0 | 0 | |d b |0 (DE-588)1192948793 |0 (DE-627)1671475356 |2 gnd |a Katholische Kirche |b Erzdiözese Detroit, Mich. |
| 689 | 0 | 1 | |d s |0 (DE-588)4047233-4 |0 (DE-627)104616849 |0 (DE-576)20907289X |2 gnd |a Priester |
| 689 | 0 | |5 (DE-627) | |
| 773 | 0 | 8 | |i In |t Review of religious research |d Heidelberg : Springer, 1959 |g 53(2011), 1, Seite 105-106 |w (DE-627)129853313 |w (DE-600)280848-1 |w (DE-576)015154211 |x 0034-673X |7 nnas |
| 773 | 1 | 8 | |g volume:53 |g year:2011 |g number:1 |g pages:105-106 |
| 776 | |i Erscheint auch als |n elektronische Ausgabe |w (DE-627)1822418216 |k Electronic | ||
| 935 | |a mteo | ||
| 951 | |a AR | ||
| ELC | |b 1 | ||
| ITA | |a 1 |t 1 | ||
| LOK | |0 000 xxxxxcx a22 zn 4500 | ||
| LOK | |0 001 3317263407 | ||
| LOK | |0 003 DE-627 | ||
| LOK | |0 004 1646207106 | ||
| LOK | |0 005 20160405152251 | ||
| LOK | |0 008 160404||||||||||||||||ger||||||| | ||
| LOK | |0 040 |a DE-Tue135 |c DE-627 |d DE-Tue135 | ||
| LOK | |0 092 |o n | ||
| LOK | |0 852 |a DE-Tue135 | ||
| LOK | |0 852 1 |9 00 | ||
| LOK | |0 935 |a ixzs |a ixmi | ||
| LOK | |0 936ln |0 1442049227 |a KBQ | ||
| LOK | |0 936ln |0 1442049839 |a KDB | ||
| LOK | |0 936ln |0 144205302X |a RB | ||
| LOK | |0 939 |a 04-04-16 |b l01 | ||
| ORI | |a SA-MARC-ixtheoa001.raw | ||
| REL | |a 1 | ||
| STA | 0 | 0 | |a Priest,Priest |
| STB | 0 | 0 | |a Prêtre,Prêtre |
| STC | 0 | 0 | |a Sacerdote,Sacerdote,Padre,Padre,Padre (Motivo),Padre |
| STD | 0 | 0 | |a Prete <motivo>,Prete,Sacerdote,Sacerdote,Sacerdote (motivo),Sacerdote |
| STE | 0 | 0 | |a 祭司,祭司,司铎,司铎 |
| STF | 0 | 0 | |a 祭司,祭司,司鐸,司鐸 |
| STG | 0 | 0 | |a Sacerdote,Sacerdote,Presbítero,Padre,Presbítero,Padre,Presbítero (Motivo),Padre,Presbítero,Padre |
| STH | 0 | 0 | |a Священник (мотив),Священник |
| STI | 0 | 0 | |a Ιερέας (μοτίβο),Ιερέας |
| SUB | |a REL | ||
| SYG | 0 | 0 | |a Erzdiözese Detroit, Mich.,Katholische Kirche,Erzbistum Detroit, Mich.,Erzbistum Detroit, Mich.,Katholische Kirche,Archdiocese of Detroit,Archdiocese of Detroit , Priesteramt,Priestertum |
| TIM | |a 100019370101_100020261231 |b 1937 - 2026 | ||



